00625nam a22002057a 450000500170000001000130001702000220003003500130005203700160006504000120008108200160009310000190010924500870012826000470021527000530026230000250031565000300034065000310037070000180040120170124110216.0 aA-736061 c00.00a8172231008 aA-736061 bCen Lib/Ret aDPLbEN a929.97bGAN aGandhi, Maneka aThe complete book of Muslim and Parsi names /cby Maneka Gandhi [and] Ozair Husain aNew DelhibHarper Collins Publishersc1994 a7/16, Ansari Road, Darya GanjbNew Delhie110002 axv, 522p. c21cm(Hb) aNames, Personal -- Arabic aNames, Personal -- Islamic aHusain, Ozair